000 00848cab a2200265 4500
001 ABS49318
008 090401t1993 xxu||||| |||| 00| 0 eng d
035 _a(Sirsi) u70894
041 _aeng
100 _ade Soto, Hernando
245 4 _aThe missing ingredient
260 _c1993
350 _a0
490 _aEconomist
_v150 Economist Years 11 September 1993, 8-10(3)
520 _aArgues that underdeveloped and developing countries need to set up a formal property legal structure in order to develop a strong market economy. Illustrates with examples.
650 _aDEVELOPING COUNTRIES
650 _aINHERITED WEALTH
650 _aMARKET ECONOMY
650 _aPROPERTY OWNERSHIP
650 _aTHIRD WORLD COUNTRIES
690 _aECONOMIC AND SOCIAL
710 _aSotoHernando de
_91439
942 _n0
948 _c04/03/1997
999 _c44663
_d44663